The Journal of East Asian Affairs

Bibliographic Details
Format: Journal
Language:English
Published: Seoul : Institute for National Security Strategy, 1987-
Subjects:
Online Access:http://www.vlex.com/source/7210

MARC

LEADER 00000nas a22000007a 4500
005 20130321171414.0
007 cr|||| ||||
008 130321c19879999ko u|p s|||| 0|||a1eng d
022 |a 10101608  
035 |a 7210 
040 |a vLex 
090 |c 3975  |d 3975 
245 0 4 |a The Journal of East Asian Affairs  |h [Recurso electrn̤ico]  
256 |a Servicio en ln̕ea 
260 |a Seoul :   |b Institute for National Security Strategy,   |c 1987- 
300 |a 1 Recurso electrn̤ico 
506 |d vLex Global  |d vLex Global (Academic Edition, excluding Law Schools)  |d vLex Global (U.S. Academic Edition, Law Schools)  |d vLex Global (U.S. Academic Edition, excluding Law Schools)  |d vLex Global (Academic Edition, Law Schools) 
650 0 4 |a Relaciones internacionales  |v Revistas  |z Asia 
740 |a vLex Revistas (Servicio en ln̕ea) 
856 |a Acceso restringido  |u http://www.vlex.com/source/7210 
942 |c REV 
999 0 |a International relations